Hangman Game - Guess Three Countries! #2 - Statistics

General Stats
  • This quiz has been taken 1,066 times
  • The average score is 26 of 27
Answer Stats
Answer % Correct
{A}
100%
{A}
100%
{A}
100%
{E}
99%
{E}
99%
{N}
99%
{N}
99%
{C}
98%
{M}
98%
{M}
98%
{O}
98%
{O}
98%
{O}
98%
{R}
98%
{R}
98%
{S}
98%
{U}
98%
{D}
97%
{H}
97%
{I}
97%
{B}
95%
{B}
95%
{W}
94%
{Z}
94%
CAMEROON
82%
HONDURAS
82%
ZIMBABWE
81%
No matching quizzes found
Score Distribution
Percent of People with Each Score
Percentile by Number Answered
Your Score History
You have not taken this quiz